The complete Odes and Epodes : (Record no. 6745)

MARC details
000 -LEADER
fixed length control field 01521cam a2200385 a 4500
001 - CONTROL NUMBER
control field 472769
003 - CONTROL NUMBER IDENTIFIER
control field OSt
005 - DATE AND TIME OF LATEST TRANSACTION
control field 20240508074850.0
008 - FIXED-LENGTH DATA ELEMENTS--GENERAL INFORMATION
fixed length control field 831004s1983 enk b 001 0 eng
010 ## - LIBRARY OF CONGRESS CONTROL NUMBER
LC control number 83209608
020 ## - INTERNATIONAL STANDARD BOOK NUMBER
International Standard Book Number 014044422X
040 ## - CATALOGING SOURCE
Original cataloging agency DLC
Transcribing agency DLC
Modifying agency DLC
041 1# - LANGUAGE CODE
Language code of text/sound track or separate title englat
050 00 - LIBRARY OF CONGRESS CALL NUMBER
Classification number PA6394
Item number .S48 1983
082 00 - DEWEY DECIMAL CLASSIFICATION NUMBER
Classification number 874.01 S48 1983
Edition number 19
100 0# - MAIN ENTRY--PERSONAL NAME
Personal name Horace.
240 10 - UNIFORM TITLE
Uniform title Carmina.
Language of a work English
245 14 - TITLE STATEMENT
Title The complete Odes and Epodes :
Remainder of title with the Centennial hymn /
Statement of responsibility, etc. Horace ; translated with notes by W.G. Shepherd ; with an introduction by Betty Radice.
260 ## - PUBLICATION, DISTRIBUTION, ETC.
Place of publication, distribution, etc. Harmondsworth, Middlesex, England ;
-- New York, N.Y., U.S.A. :
Name of publisher, distributor, etc. Penguin,
Date of publication, distribution, etc. 1983.
300 ## - PHYSICAL DESCRIPTION
Extent 253 p. ;
Dimensions 19 cm.
440 #0 - SERIES STATEMENT/ADDED ENTRY--TITLE
Title Penguin classics
500 ## - GENERAL NOTE
General note Includes index.
504 ## - BIBLIOGRAPHY, ETC. NOTE
Bibliography, etc. note Bibliography: p. 39-40.
600 00 - SUBJECT ADDED ENTRY--PERSONAL NAME
Personal name Horace
General subdivision Translations into English.
650 #0 - SUBJECT ADDED ENTRY--TOPICAL TERM
Topical term or geographic name entry element Laudatory poetry, Latin
General subdivision Translations into English.
650 #0 - SUBJECT ADDED ENTRY--TOPICAL TERM
Topical term or geographic name entry element Verse satire, Latin
General subdivision Translations into English.
651 #0 - SUBJECT ADDED ENTRY--GEOGRAPHIC NAME
Geographic name Rome
General subdivision Poetry.
700 1# - ADDED ENTRY--PERSONAL NAME
Personal name Shepherd, W. G.
Fuller form of name (William Guy),
Dates associated with a name 1935-
700 02 - ADDED ENTRY--PERSONAL NAME
Personal name Horace.
Title of a work Epodae.
Language of a work English.
856 41 - ELECTRONIC LOCATION AND ACCESS
Materials specified Table of contents only
Uniform Resource Identifier <a href="http://www.loc.gov/catdir/enhancements/fy1206/83209608-t.html">http://www.loc.gov/catdir/enhancements/fy1206/83209608-t.html</a>
856 42 - ELECTRONIC LOCATION AND ACCESS
Materials specified Publisher description
Uniform Resource Identifier <a href="http://www.loc.gov/catdir/enhancements/fy1505/83209608-d.html">http://www.loc.gov/catdir/enhancements/fy1505/83209608-d.html</a>
856 42 - ELECTRONIC LOCATION AND ACCESS
Materials specified Contributor biographical information
Uniform Resource Identifier <a href="http://www.loc.gov/catdir/enhancements/fy1512/83209608-b.html">http://www.loc.gov/catdir/enhancements/fy1512/83209608-b.html</a>
906 ## - LOCAL DATA ELEMENT F, LDF (RLIN)
a 7
b cbc
c orignew
d 3
e ncip
f 19
g y-gencatlg
942 ## - ADDED ENTRY ELEMENTS (KOHA)
Source of classification or shelving scheme Dewey Decimal Classification
Koha item type English Book
Suppress in OPAC No
Holdings
Withdrawn status Lost status Source of classification or shelving scheme Damaged status Not for loan Home library Current library Date acquired Total Checkouts Full call number Barcode Date last seen Price effective from Koha item type
    Dewey Decimal Classification     CENTRAL CENTRAL 07/11/2024   874.01 S48 1983 1000000015901 07/11/2024 07/11/2024 English Book